000 02138cas a2200181 4500
001 3297
005 20181127170933.0
008 071108c200u9999bt fr 0 0eng
043 _aa-bt---
245 1 0 _aUdumbara :
_bExploring the inner beauty.
300 _av. :
_bcol. ill. ;
_c28 cm.
310 _aAnnual.
500 _aCONTENTS: Issue 1(2011): A supplication to all the people born as brother and sisters / Milarepa and the pigeon / The ransom and release of animals / Fearlessness in troubled times / Lineage of good heart / The blossom of compassion / The only true wisdom is in knowing you know nothing / the benefits of saving lives of other beings / Natural great Peace / SJI initiatives / Precious human birth / A eulogy by divine son / Precious time / Ripening karma / Mind for Hire, happiness for free.
500 _aCONTENTS: Issue 2 (2012): Spiritual practice in the modern age / The paradox of our age / Guide to Chari monastery, Thimphu / Saving animal lives / Impermanence / Namtog / Reflections on annual Drukpa Council / Sutra of the heart of football / Message from Neten Chokling Rinpoche / Open the heart to all experience / 2010, A glorious centennial Year / On the environment / Motherhood and practicing Buddhism / Causes and results of good and bad action / New Year inspiration to transform Lives.
500 _aCONTENTS: Issue 3 (2013): Attachment / The Root of Suffering / Homage to guru and protector Manjushri / Nye the Scared Sport / Thoughts and the Environment / Shantideva Said / Misunderstanding / Seven Line Prayer / The Accumulaton of merit / Painting of Lamp / Longing for Happiness / Precious Time / Stages of Meditation / We live for what ? It is for Love not for hatred / Guide to Baeyul Langdrak Nye / The art of Cappuccino Meditation / Words of Affection / Guide to the Three - Yana Journey.
500 _aCONTENTS: Issue 5 (2015): Translating the words of the Buddha / The mystery of Samaya / EGO, The Common Friend! / Gratitude: The Essence of Birthday / Cultivating the twelve kinds of wealth.
650 _aBhutan --Periodicals.
_v
_x
_y
_z
_2
999 _c2663
_d2663